000 00669nam a2200241Ia 4500
003 OSt
005 20220918191232.0
006 a|||||r|||| 00| 0
007 ta
008 220917b |||||||| |||| 00| 0 eng d
024 _a62,153
037 _cTextual
040 _aARTS
_cARTS
_beng
041 _2eng
_aeng
082 _aRp1,N79, M0
111 _aSymposium on structure in science and art (Kronberg)
_975391
245 0 _aProceeding ed by Sir Peter Medawar and Julian Shelley
260 _aAmsterdam
_bExpert Medica
_c1980
300 _a175p.
_ccm.
650 _aPHILOSOPHY
942 _hRp1,N79, M0
_cTEXL
_2CC
999 _c188874
_d188874